000 00698 a2200229 4500
001 47507
005 20260407155742.0
008 260407a1999 arg spa d
003 AR-UNSa-BCEJYS
040 _aAR-UNSa-BCEJYS
_bspa
_cAR-UNSa-BCEJYS
080 _a929
_xEstudios biográficos y relacionados
245 1 0 _aCarlos Pellegrini
264 1 _aBuenos Aires :
_bPlaneta
_c1999
300 _a150 p.
_c24 cm.
041 _aspa
942 _cBK
590 _aniveau_biblio:m niveau_hierar:0
100 1 _aLuna, Félix
650 _aCARLOS PELLEGRINI
856 4 1 _uhttps://www.biblioeco.unsa.edu.ar/pmb/images/libros/L127596.jpg
_yImagen de portada
_qimage/jpeg
650 _a carlos pellegrini
999 _c4398
_d4398